| 000 | 00994nas a2200349 4500 | ||
|---|---|---|---|
| 001 | BR2016001492 | ||
| 003 | BR-BrBNA | ||
| 005 | 20231205130241.0 | ||
| 007 | ta | ||
| 008 | 230509b bl.|||p| |||| 00| 00por d | ||
| 040 |
_aBR-BrBNA _bpor _cBiblioteca Nacional de Agricultura |
||
| 041 | _a(En) | ||
| 072 | _aL51 | ||
| 100 | 1 | _aHan, C. | |
| 100 | 1 | _aYe, F. | |
| 100 | 1 | _aShen, X. | |
| 100 | 1 | _aLiu, D. | |
| 100 | 1 | _aHe, F. | |
| 100 | 1 | _aWei, S. | |
| 100 | 1 | _aXu, H. | |
| 100 | 1 | _aLi, L. | |
| 100 | 1 | _aLiu, H. | |
| 245 | 1 | _aChange of the mTOR pathway in tissues of overfed geese | |
| 650 | _aGANSO | ||
| 650 | _aNUTRIÇÃO ANIMAL | ||
| 650 | _aTECIDO | ||
| 650 | _aFISIOLOGIA ANIMAL | ||
| 773 | 0 |
_tRevista Brasileira de Ciência Avícola (Brazil) _xISSN 1806-9061 _g(Jul-Sep 2015), v. 17(3) p. 293-300 _wBR2016001492 |
|
| 856 | 4 | 0 | _uhttp://www.scielo.br/pdf/rbca/v17n3/1516-635X-rbca-17-03-00293.pdf |
| 909 |
_a202311 _bLúcia _c55 _dLúcia Elande |
||
| 942 |
_2AGRIS _n0 _cANA |
||
| 999 |
_c248461 _d248461 |
||